Fatehpur Sikri: Akbar's Magnificent City on a Hill (Record no. 23119)

MARC details
000 -LEADER
fixed length control field 00337nam a22001337a 4500
020 ## - INTERNATIONAL STANDARD BOOK NUMBER
ISBN 9789381523728
082 ## - DEWEY DECIMAL CLASSIFICATION NUMBER
Classification number 720.954 SEN
100 ## - MAIN ENTRY--AUTHOR NAME
Author name Sen Gupta, Subhadra
245 ## - TITLE STATEMENT
Title Fatehpur Sikri: Akbar's Magnificent City on a Hill
260 ## - PUBLICATION, DISTRIBUTION, ETC. (IMPRINT)
Place of publication New Delhi
Name of publisher Niyogi Books
Year of publication 2013
300 ## - PHYSICAL DESCRIPTION
Number of Pages 244
650 ## - SUBJECT ADDED ENTRY--TOPICAL TERM
Topical Term Architecture-Mughal
942 ## - ADDED ENTRY ELEMENTS (KOHA)
Koha item type Books
Holdings
Collection code Home library Current library Shelving location Date acquired Source of acquisition Cost, normal purchase price Full call number Accession Number Koha item type
Non-fiction Henry Martyn Institute Library Henry Martyn Institute Library General stacks 09/15/2020 Dasgupta Publishers, Kolkata 995.00 720.954 SEN 25809 Books
                   Copyright © 2026 | Henry Martyn Institute | Hyderabad | TS-500052 | INDIA | Implemented by hmi.edu.in
Hit-Count:

Powered by Koha